| 000 | 00520nam a2200169 a 4500 | ||
|---|---|---|---|
| 005 | 20140412111429.0 | ||
| 008 | 091205s19uu xx 00 eng d | ||
| 020 | _a0-7641-2477-3 | ||
| 050 |
_aTR(GS 372.14 _bV26 2004 |
||
| 100 | _aArrigo, Elena | ||
| 245 |
_aMaking the Grade : _bEverything your 2nd grader needs to know / _cElena Arrigo. |
||
| 260 |
_aChina : _bBarron's educational, _c2004. |
||
| 300 | _a362p. | ||
| 440 | _aBarron's guides for schooling basics | ||
| 650 | _aCurriculum planning | ||
| 999 |
_c106335 _d106335 |
||